Normal view
MARC view
Entry Topical Term
001 - CONTROL NUMBER
- control field: 3059
003 - CONTROL NUMBER IDENTIFIER
- control field: dpl
005 - DATE AND TIME OF LATEST TRANSACTION
- control field: 20100731120259.0
008 - FIXED-LENGTH DATA ELEMENTS
- fixed length control field: 100731|||a|||||| | ||| d
040 ## - CATALOGING SOURCE
- Original cataloging agency: dpl
- Transcribing agency: dpl
150 ## - HEADING--TOPICAL TERM
- Topical term or geographic name as entry element: Cricket
- Geographic subdivision: India
670 ## - SOURCE DATA FOUND
- Source citation: Work cat.: (dpl)38386: Chandra, Bidyut Kumar 3058, The siege of Indian cricket (2000-2008) :, 2009
670 ## - SOURCE DATA FOUND
- Source citation: Work cat.: (dpl)38386: Chandra, Bidyut Kumar 3058, The siege of Indian cricket (2000-2008) :, 2009
